The Property Ombudsman (TPO) (Record no. 119864)

MARC details
000 -LEADER
fixed length control field 01148cam a2200205 4500
001 - CONTROL NUMBER
control field WS114290
008 - FIXED-LENGTH DATA ELEMENTS--GENERAL INFORMATION
fixed length control field 090521n 000 0 eng u
035 ## - SYSTEM CONTROL NUMBER
System control number (Sirsi) u114290
245 #4 - TITLE STATEMENT
Title The Property Ombudsman (TPO)
520 ## - SUMMARY, ETC.
Summary, etc. The Property Ombudsman provides a free, fair and independent service for dealing with unresolved disputes between sales and letting agents who have joined the TPO and consumers who are actual or potential buyers or sellers or landlords or tenants of residential property in the UK. The site includes their Code of Practice, details of the complaints procedure, a guide for consumers, governance, its annual report and a list of members. Name changed from Ombudsman for Estate Agents (OEA), in May 2009.
650 ## - SUBJECT ADDED ENTRY--TOPICAL TERM
Topical term or geographic name entry element OMBUDSMAN FOR CORPORATE ESTATE AGENTS
650 24 - SUBJECT ADDED ENTRY--TOPICAL TERM
Topical term or geographic name entry element THE PROPERTY OMBUDSMAN (TPO)
650 ## - SUBJECT ADDED ENTRY--TOPICAL TERM
Topical term or geographic name entry element OMBUDSMAN FOR ESTATE AGENTS
650 ## - SUBJECT ADDED ENTRY--TOPICAL TERM
Topical term or geographic name entry element CODE OF PRACTICE
650 ## - SUBJECT ADDED ENTRY--TOPICAL TERM
Topical term or geographic name entry element ESTATE AGENTS
650 ## - SUBJECT ADDED ENTRY--TOPICAL TERM
Topical term or geographic name entry element COMPLAINTS PROCEDURES
690 ## - LOCAL SUBJECT ADDED ENTRY--TOPICAL TERM (OCLC, RLIN)
Topical term or geographic name as entry element MANAGEMENT-BUSINESS MANAGEMENT-PROFESSIONAL PRACTICE
856 40 - ELECTRONIC LOCATION AND ACCESS
Uniform Resource Identifier <a href="https://www.tpos.co.uk">https://www.tpos.co.uk</a>
Public note View the website free of charge at www.tpos.co.uk...
942 ## - ADDED ENTRY ELEMENTS (KOHA)
Suppress in OPAC 0
Holdings
Withdrawn status Lost status Source of classification or shelving scheme Damaged status Not for loan Home library Current library Shelving location Date acquired Total Checkouts Full call number Barcode Date last seen Copy number Price effective from Koha item type
    Dewey Decimal Classification     Virtual Virtual Online 22/08/2001   WEB SITE 114290-2001 06/08/2019 1 06/08/2019 Online material